| 000 | 02812ncm2a2200433 4500 | ||
|---|---|---|---|
| 001 | RU\NLR\ONIZ\212238 | ||
| 005 | 20260529161549.0 | ||
| 013 | _a979-0-66000-082-3 | ||
| 021 |
_aRU _b10-566н _910-49н |
||
| 035 | _a(NLR Aleph) 010891770 | ||
| 071 | 2 | 0 | _aс 4898 к |
| 090 |
_a13649484 _c13649484 |
||
| 100 | _a20150625d2010 |||y0rusy50 ca | ||
| 101 | 0 |
_aeng _arus |
|
| 125 | _azx | ||
| 145 | 0 | _ac | |
| 200 | 1 |
_aПрощание с... _bНоты _eсимфония-фантазия _eдля симф. орк. (2005) _aЕсли звезды зажигают... _eвок.-поэт. сюита _eдля баса, чтеца и симф. орк. на ранние стихи Маяковского (2006) _eпоследние симфонические произведения _f[2 предисл.: изд. и К. Учителя] |
|
| 208 | _aПартитура | ||
| 210 | _d2010 | ||
| 215 | _a208 с. | ||
| 423 | 0 |
_12001#$aЕсли звезды зажигают...$eвок.-поэт. сюита для баса, чтеца, и симф. орк на ранние стихи Маяковского _1215##$a103-207 с. _1702#1$9z01790$aМаяковский$bВ. В.$gВладимир Владимирович$f1893-1930$3RU\NLR\AUTH\775761$4520 _1790#1$9z01702$aMajakovskij$bV. V.$gVladimir Vladimirovic$f1893-1930$4520$7ba _tЕсли звезды зажигают... |
|
| 461 | 0 |
_1001RU\NLR\ONIZ\212231 _12001#$aСобрание сочинений$bНоты$dCollected Works$eв 20 т.$zeng$fА. П. Петров$gФонд сохранения и развития творческого наследия композитора А. П. Петрова$vТ. 20 _1700#1$9z01790$aПетров$bА. П.$gАндрей Павлович$f1930-2006$4230$7ca _910557951 _aПетров, А. П. (1930-2006) _cСанкт-Петербург _d2010 ?- _fА. П. Петров _lCollected Works _nКомпозитор-Санкт-Петербург _oв 20 т. _tСобрание сочинений: Ноты _vТ. 20 |
|
| 686 |
_aЩ951.1-040(2Р)я44 _vLBC/SL _2rubbk |
||
| 686 |
_aЩ965(2Р)я44 _vLBC/SL _2rubbk |
||
| 702 | 1 |
_6z02790 _aУчитель _bК. А. _f1968- _gКонстантин Александрович _4080 |
|
| 790 | 1 |
_6z02702 _aUchitel _bK. A. _f1968- _gKonstantin Alexandrovich _4080 |
|
| 801 | 0 |
_aRU _bNLR _c20150625 _gPSBO |
|
| 801 | 1 |
_aRU _bNLR _c20150625 _2rusmarc |
|
| 801 | 2 |
_aRU _bNLR _c20240531 |
|
| 852 |
_aNLR _jМ 950-3/П.305(20)в,га _mМОЭ 2010-49н/566на _t7 |
||
| 852 |
_aNLR _jМ 950-3/П.305(20)д _m259074 _t6 |
||
| 852 |
_aNLR _jМ 950-3/П.305(20)в,г _mМОЭ 2010-49н/566н _t5 |
||
| 852 |
_aNLR _jМ 950-3/П.305(20)б _m257529 _t3 |
||
| 852 |
_aNLR _jМ 950-3/П.305(20)а _m257325 _t2 |
||
| 852 |
_aNLR _jМ 950-3/П.305(20) _m280955 _t1 |
||
| 942 | _cSCORE | ||
| 980 | _aONIZ | ||
| 980 | _aNB | ||